Radnóthy Ervin gratuláló levele Szent-Györgyi Alberthez

Elmentve itt :
Bibliográfiai részletek
Szerző: Radnóthy Ervin
Dokumentumtípus: Kézirat
Megjelent: 1937-12-04
Kulcsszavak:Levelezés - Radnóthy Ervin - Szent-Györgyi Albert, Nobel-díj - 1937
Online Access:http://misc.bibl.u-szeged.hu/71061
LEADER 00654ntm a2200169 i 4500
001 misc71061
005 20241205145621.0
008 230505s1937 hu o 000 hun d
040 |a SZTE Miscellanea Repozitórium  |b hun 
041 |a hun 
100 1 |a Radnóthy Ervin 
245 1 0 |a Radnóthy Ervin gratuláló levele Szent-Györgyi Alberthez  |h [elektronikus dokumentum] /  |c  Radnóthy Ervin 
260 |c 1937-12-04 
300 |a 1 fol. 
561 |a Szent-Györgyi Albert gratuláló levelek 
695 |a Levelezés - Radnóthy Ervin - Szent-Györgyi Albert, Nobel-díj - 1937 
856 4 0 |u http://misc.bibl.u-szeged.hu/71061/1/gratulalo_levelek_025.pdf  |z Dokumentum-elérés